000 00858nam a2200217 i 4500
001 75265
003 ES-MaACL
005 20250815023045.0
007 t|
008 151013s1927 sp ||||1| spa d
245 0 0 _aColección de documentos inéditos para la hisoria de Ibero-América /
_crecopilados por Santiago Montoto.
260 _aMadrid :
_bEditorial Ibero-Africano-Americana,
_c[1927]
300 _a421 p., [5] h. de lám. ;
_c25 cm.
490 1 _aColección de documentos inéditos para la historia de Ibero-América ;
_v1
610 2 4 _aArchivo General de Indias-
_xCatálogos.
_91431
651 4 _aAmérica española-
_xHistoria-
_vFuentes.
_97728
700 0 _aMontoto, Santiago.
_982701
830 0 0 _aColección de documentos inéditos para la historia de Iberoamérica
_v1
_9187665
852 _aES-MaACL
_jC-12698
999 _c75265
_d75265